000 00561nam a2200193 i 4500
001 50539
003 ES-MaACL
005 20230906162211.0
007 t|
008 030805s1912 sp ||||1| spa d
100 1 _aCuartero, José.
_941915
245 1 3 _aLa via pública
_b: ; El político prodigado ; El profesional ; El orador /
_cJosé Cuartero.
260 _aMadrid :
_bJosé Blass y Cª,
_c1912.
300 _a110 p. ;
_c19 cm.
740 3 _aEl político prodigado.
740 3 _aEl profesional.
740 3 _aEl orador.
852 _aES-MaACL
_jF-2554
999 _c50539
_d50539